00382nam a2200145Ia 4500003000400000005001700004008004100021040000900062082001700071100001800088245006100106260004900167300000900216650001100225OSt20210119151541.0190216s9999||||xx |||||||||||||| ||und|| coclc a492.7bJAR/N aJarim, Ali Al 0aNahv Al Walih Vol -2 /cJarim Al Ali ; Musthafa Ameen  bTirurangadi Book Stall,aTirurangadi:c2001. a129p aArabic